000 00734nam a2200193Ia 4500
008 151121s9999||||xx |||||||||||||| ||und||
082 _a784।4/गर्ग
082 _bHNW-58511
100 _aगर्ग लक्ष्मीनारायण
245 _aभारत के लोकनृत्य
260 _b"संगीत कार्यालय, हाथरस,उत्तरप्रदेश"
260 _c--
300 _a95
600 _aगर्ग लक्ष्मीनारायण
630 _aभारत के लोकनृत्य
700 _aगर्ग लक्ष्मीनारायण
730 _aभारत के लोकनृत्य
942 _cBOOK
999 _c1240332
_d1240329